Statistiken für Größte Handelspartnern - Nordkorea

Klicken Sie hier um das Quiz zu spielen!

Allgemein

  • Dieses Quiz wurde 139 mal gespielt
  • Das Durchschnittsergebnis liegt bei 12 aus 26

Antwortstatistiken

AusfuhrEinfuhrLand% Korrekt
2507 mil2952 milChina
99%
78.3 milRussland
95%
8.17 milDeutschland
87%
4.75 milVereinigte Staaten
85%
99.0 mil111 milIndien
84%
25.6 mil6.69 milSaudi-Arabien
69%
15.6 milBrasilien
65%
73.8 milThailand
64%
45.7 milPakistan
63%
14.2 mil45.7 milMexiko
62%
10.9 mil53.2 milPhilippinen
61%
29.9 milTaiwan
60%
14.7 mil4.66 milTürkei
57%
4.72 milMalaysia
55%
28.4 milSingapur
48%
23.9 milChile
41%
33.7 milUkraine
39%
21.2 milPeru
34%
5.17 milSchweiz
31%
10.6 milMosambik
12%
43.6 milAngola
9%
16.8 milParaguay
9%
11.7 milBenin
5%
7.82 milSenegal
3%
35.7 milBurkina Faso
1%
13.9 milSambia
1%

Verteilung der Resultate

Perzentil nach korrekt beantworteten Fragen

Anzahl Personen mit jedem Resultat

Ihre Resultats-Entwicklung

Sie haben dieses Quiz noch nicht gespielt